| 000 | 01082nam a22002897a 4500 | ||
|---|---|---|---|
| 001 | 8857 | ||
| 003 | FISKH | ||
| 005 | 20251023122432.0 | ||
| 008 | 251023b cb ||||| |||| 00| 0 eng d | ||
| 020 | _a9780531205259 | ||
| 040 |
_aFISKH _beng _cFISKH _dFISKH |
||
| 050 | _a HM1091.W43 | ||
| 082 | _a303.3 | ||
| 100 | _aWebber, Diane | ||
| 245 |
_aTotally tolerant : _b spotting and stopping prejudice / _cBy Diane Webber and Laurie Mandel |
||
| 260 |
_aNew York : _bScholastic , _c2008. |
||
| 300 |
_a112 pages : _bcolor illustrations ; _c20 cm . |
||
| 505 | _aS | ||
| 520 | _aA guide to tolerance for teens, discussing the meaning of diversity, respect, and intolerance, examining the consequences of intolerance, sharing stories of teens' encounters with prejudice, and identifying the sources of bias and what can be done to fight it. | ||
| 521 | 8 |
_a800
_bLexile |
|
| 521 | 8 |
_aS
_bRaz-Plus |
|
| 650 |
_aTolerance _vNon-fiction |
||
| 650 |
_aPrejudices _vNon-fiction |
||
| 700 |
_aO'Neil, Marie _eIllustrator |
||
| 942 |
_2ddc _cBK _n0 |
||
| 999 |
_c8857 _d8857 |
||